| 000 | 00824nam a22002177a 4500 | ||
|---|---|---|---|
| 999 |
_c5190 _d5190 |
||
| 003 | AR-CdUCM | ||
| 008 | 190312b ||||| |||| 00| 0 spa d | ||
| 040 |
_aMUNICIPALIDAD PROVINCIAL DEL CUSCO _cBIBLIOTECA MUNICIPAL DEL CUSCO |
||
| 082 |
_a396 / _bR74 |
||
| 100 |
_aRodriguez V, Lino _915747 |
||
| 245 | _aMujer: Trabajo y Fecundidad / | ||
| 260 |
_aLima : _bTalleres Graficos del Centro Interamericano de Administración del Trabajo, _c1984. |
||
| 300 |
_a87 paginas ; _c24cm. |
||
| 440 |
_aBibliografias Tematicas _n5 _915748 |
||
| 505 | _aContenido: Estudios generales, conceptuales, metodologicos -- Panorama por paises -- Informes de reuniones -- legislacion | ||
| 650 |
_aMetodologias _915749 |
||
| 650 |
_aLegislacion _96380 |
||
| 650 |
_aConvenios internacionales _915750 |
||
| 942 |
_2ddc _cLIBROS |
||
| 945 | _apjha | ||